[Event "AUS-ch Major"]
[Site "Cammeray"]
[Date "2018.01.09"]
[Round "8"]
[White "Ho, Oscar"]
[Black "Su, Orlando"]
[Result "0-1"]
[WhiteElo "1105"]
[BlackElo "1119"]
[PlyCount "48"]
[EventDate "2018.01.02"]
[EventType "swiss"]
[EventRounds "11"]
[EventCountry "AUS"]
[SourceTitle "CBM 182 Extra"]
[Source "ChessBase"]
[SourceDate "2018.02.23"]
[SourceVersion "1"]
[SourceVersionDate "2018.02.23"]
[SourceQuality "1"]

1. e4 c5 2. Bc4 e6 3. Nf3 d6 4. Nc3 a6 5. d3 Nf6 6. Bg5 Be7 7. a3 b5 8. Ba2 Bb7 9. 0-0 Qc7 10. d4 cxd4 11. Nxd4 Nxe4 12. Nxe4 Bxe4 13. Bxe7 Qxe7 14. Qg4 Bg6 15. Rfe1 0-0 16. Qf3 Nd7 17. Nc6 Qe8 18. Qg3 Nf6 19. Qxd6 Bxc2 20. Bxe6 fxe6 21. Rxe6 Qf7 22. Rae1 Ne4 23. Qb4 Qxf2+ 24. Kh1 Qf1+ 0-1

[Event "AUS-ch Major"]
[Site "Cammeray"]
[Date "2018.01.08"]
[Round "7"]
[White "Su, Orlando"]
[Black "Esposito, David"]
[Result "0-1"]
[WhiteElo "1119"]
[BlackElo "1556"]
[PlyCount "62"]
[EventDate "2018.01.02"]
[EventType "swiss"]
[EventRounds "11"]
[EventCountry "AUS"]
[SourceTitle "CBM 182 Extra"]
[Source "ChessBase"]
[SourceDate "2018.02.23"]
[SourceVersion "1"]
[SourceVersionDate "2018.02.23"]
[SourceQuality "1"]

1. d4 Nf6 2. Bf4 g6 3. c4 Bg7 4. e3 c5 5. Nf3 cxd4 6. exd4 d5 7. Nc3 0-0 8. Bd3 a6 9. Qb3 dxc4 10. Bxc4 b5 11. Bd3 Bb7 12. Be3 Bxf3 13. gxf3 Nc6 14. Ne2 Qd5 15. Qxd5 Nxd5 16. Rc1 Ncb4 17. Be4 f5 18. Bb1 Rac8 19. Kd2 f4 20. Nxf4 Rxc1 21. Rxc1 Nxf4 22. a3 Nbd5 23. Ba2 Kh8 24. Rc6 Rf6 25. Rc5 Nxe3 26. fxe3 Nh5 27. Ke2 Bf8 28. d5 Rb6 29. Rc6 Rb7 30. Rxa6 b4 31. Rc6 bxa3 0-1

[Event "AUS-ch U10"]
[Site "Wahroonga"]
[Date "2014.01.12"]
[Round "6"]
[White "Kim, Caleb"]
[Black "Su, Orlando"]
[Result "1/2-1/2"]
[WhiteElo "475"]
[BlackElo "208"]
[PlyCount "35"]
[EventDate "2014.01.11"]
[EventType "swiss"]
[EventRounds "9"]
[EventCountry "AUS"]
[SourceTitle "EXT 2020"]
[Source "ChessBase"]
[SourceDate "2019.10.17"]
[SourceVersion "1"]
[SourceVersionDate "2019.10.17"]
[SourceQuality "1"]

1. e4 e5 2. Nf3 Nc6 3. d4 exd4 4. Nxd4 Bc5 5. Bc4 Nf6 6. Nc3 Bxd4 7. Nd5 Nxe4 8. Qe2 f5 9. f3 Qh4+ 10. g3 Qd8 11. fxe4 0-0 12. exf5 Re8 13. Nb6+ Kh8 14. Nxa8 Re5 15. Be3 Rxe3 16. Qxe3 Bxe3 17. Rf1 Bg5 18. Nxc7 1/2-1/2

[Event "AUS-ch U10"]
[Site "Wahroonga"]
[Date "2014.01.11"]
[Round "3"]
[White "Su, Orlando"]
[Black "Chen, Johnson"]
[Result "1-0"]
[WhiteElo "208"]
[BlackElo "421"]
[PlyCount "55"]
[EventDate "2014.01.11"]
[EventType "swiss"]
[EventRounds "9"]
[EventCountry "AUS"]
[SourceTitle "EXT 2020"]
[Source "ChessBase"]
[SourceDate "2019.10.17"]
[SourceVersion "1"]
[SourceVersionDate "2019.10.17"]
[SourceQuality "1"]

1. e4 c5 2. Nf3 d6 3. Bb5+ Nd7 4. c3 a6 5. Ba4 g6 6. d4 Bg7 7. Be3 Ngf6 8. h3 0-0 9. Nbd2 b6 10. 0-0 Ra7 11. Bc2 Bb7 12. Qe2 Bc6 13. Rac1 Bb5 14. Bd3 Bxd3 15. Qxd3 Nb8 16. a3 Rc7 17. b4 cxd4 18. cxd4 Rxc1 19. Rxc1 d5 20. e5 Ne4 21. Kf1 Nxd2+ 22. Qxd2 Qd7 23. Bh6 Qb5+ 24. Kg1 Bxh6 25. Qxh6 Nc6 26. Ng5 Rd8 27. Qxh7+ Kf8 28. Qh8# 1-0